Catalog

Record Details

Catalog Search



Kniha otázek : kniha, která zpříjemní čekání  Cover Image Book Book

Kniha otázek : kniha, která zpříjemní čekání / Petr Bakalář

Record details

  • ISBN: 80-7178-565-2
  • Physical Description: 135 s. ; 15 cm
  • Edition: Vyd. 1.
  • Publisher: Praha : Portál, 2001
Subject: sebepoznání
osobnost
Personality
Self-consciousness
Genre: populárně-naučné publikace

Available copies

  • 0 of 1 copy available at Common Catalog SPOK.

Holds

  • 1 current hold with 1 total copy.
Show Only Available Copies
Location Call Number / Copy Notes Barcode Shelving Location Status Due Date
Jabok Library Ped-9.3.2 424480008692 Odborná literatura Rezervace -

LDR 01030nam a2200337 a 4500
0015556
003CZ-PrJAB
00520160506081121.0
007tu
008010619s2001 xr e 000 0 cze
015 . ‡acnb001004579
020 . ‡a80-7178-565-2 ‡q(brož.) : ‡cKč 119,00
035 . ‡a(CZ PrNK)cpk20011004579
035 . ‡a(OCoLC)50341110
040 . ‡aABA001 ‡bcze
072 7. ‡a159.9 ‡xPsychologie ‡2Konspekt ‡917
080 . ‡a165.242.1 ‡2MRF
080 . ‡a159.923 ‡2MRF
080 . ‡a(0.062) ‡2MRF
1001 . ‡aBakalář, Petr, ‡d1970- ‡7jn20000400056 ‡4aut
24510. ‡aKniha otázek : ‡bkniha, která zpříjemní čekání / ‡cPetr Bakalář
250 . ‡aVyd. 1.
260 . ‡aPraha : ‡bPortál, ‡c2001
300 . ‡a135 s. ; ‡c15 cm
65007. ‡asebepoznání ‡7ph116116 ‡2czenas
65007. ‡aosobnost ‡7ph115614 ‡2czenas
65009. ‡aPersonality ‡2eczenas
65009. ‡aSelf-consciousness ‡2eczenas
655 7. ‡apopulárně-naučné publikace ‡7fd131864 ‡2czenas
910 . ‡aABG312
901 . ‡a5556 ‡bUnknown ‡c5556 ‡tbiblio

Additional Resources